Discrete mathematics/ (Record no. 9540)

MARC details
000 -LEADER
fixed length control field 00601nam a22002177a 4500
003 - CONTROL NUMBER IDENTIFIER
control field OSt
005 - DATE AND TIME OF LATEST TRANSACTION
control field 20260421041824.0
008 - FIXED-LENGTH DATA ELEMENTS--GENERAL INFORMATION
fixed length control field 260421b |||||||| |||| 00| 0 eng d
020 ## - INTERNATIONAL STANDARD BOOK NUMBER
International Standard Book Number 0-07-139877-5
040 ## - CATALOGING SOURCE
Original cataloging agency DWC-Main lib.
Transcribing agency OC
082 ## - DEWEY DECIMAL CLASSIFICATION NUMBER
Classification number Circ. 510 L669d 2003
100 ## - MAIN ENTRY--PERSONAL NAME
Personal name Lipson, Marc L.
245 ## - TITLE STATEMENT
Title Discrete mathematics/
Statement of responsibility, etc. Marc L. Lipson
260 ## - PUBLICATION, DISTRIBUTION, ETC.
Name of publisher, distributor, etc. MsGraw-Hill, .
Date of publication, distribution, etc. c2003
300 ## - PHYSICAL DESCRIPTION
Extent v 120 p. ;
Dimensions 21 cm.
490 ## - SERIES STATEMENT
Series statement Schraum's outline series
504 ## - BIBLIOGRAPHY, ETC. NOTE
Bibliography, etc. note Include index.
700 ## - ADDED ENTRY--PERSONAL NAME
Personal name Hademenos, George J.
700 ## - ADDED ENTRY--PERSONAL NAME
Personal name Lipschutz, Seymour
942 ## - ADDED ENTRY ELEMENTS (KOHA)
Source of classification or shelving scheme Dewey Decimal Classification
Koha item type Book Circulation
Classification part Circ.
Suppress in OPAC No
952 ## - LOCATION AND ITEM INFORMATION (KOHA)
--
Holdings
Withdrawn status Lost status Source of classification or shelving scheme Damaged status Not for loan Home library Current library Shelving location Date acquired Total Checkouts Full call number Barcode Date last seen Copy number Price effective from Koha item type Uniform Resource Identifier
    Dewey Decimal Classification     College Library College Library Circulation 03/29/2003   Circ. 510 L669d 2003 CL38419 04/21/2026 c1 04/21/2026 BK-CIRC